• 首页
  • 本馆介绍
  • 公告通知
  • 最新文献
  • 馆藏检索
  • 电子资源
  • 读者导购
  • 参考咨询
  • 我的图书馆
  • 登录
  • 详细信息显示
  • 放入我的书架
  • 预约/预借图书
  • 作者相关作品
  • 分类相关作品
  • 丛书相关作品
  • 出版社相关作品

书目信息

  • 表格格式
  • 工作单格式
  • 卡片格式
题名:
中西方政党执政比较初探
    
 
作者: 陈元中 , 陶维兵 著
分册:  
出版信息: 北京   中共中央党校出版社  2007
页数: 362页
开本: 21cm
丛书名: 相思湖学术论丛
单 册:
中图分类: D564-03
科图分类:
主题词: 执政党--执政--对比研究--中国--国外 , 执政党 , 执政
电子资源:
ISBN: 978-7-5035-3631-1
000 00979oam2 2200277 450
001 1250796404
005 20121005140735.43
010    @a978-7-5035-3631-1@dCNY24.00
100    @a20070402d2007 em y0chiy50 ea
101 0  @achi
102    @aCN@b110000
105    @ay z 000yy
200 1  @a中西方政党执政比较初探@Azhong xi fang zheng dang zhi zheng bi jiao chu tan@f陈元中,陶维兵著
210    @a北京@c中共中央党校出版社@d2007
215    @a362页@d21cm
225 2  @a相思湖学术论丛
330    @a本书共分六章,内容包括:中西方政党与政党执政、中西方政党的执政基础、中西方政党的执政方略、中西方政党的执政体制、中西方政党的执政方式、中西方政党的执政文化等。
461  0 @12001 @a相思湖学术论丛
606 0  @a执政党@x执政@x对比研究@y中国@y国外
606 0  @a执政党
606 0  @a执政
690    @aD564-03@v4
701  0 @a陈元中@Achen yuan zhong@f(1956.3~)@4著
701  0 @a陶维兵@Atao wei bing@f(1976~)@4著
801  0 @aCN@bNLC@c20101222
905    @a10447@dD564-03@eJY32
    
    中西方政党执政比较初探/陈元中,陶维兵著.-北京:中共中央党校出版社,2007
    362页;21cm.-(相思湖学术论丛)
    
    
    ISBN 978-7-5035-3631-1:CNY24.00
    本书共分六章,内容包括:中西方政党与政党执政、中西方政党的执政基础、中西方政党的执政方略、中西方政党的执政体制、中西方政党的执政方式、中西方政党的执政文化等。
●
相关链接 在E读中查询图书 在五车中查询图书 在当当中查询图书 在豆瓣中查询图书


正题名:中西方政党执政比较初探     索取号:D564-03/JY32         预约/预借

序号 登录号 条形码 馆藏地/架位号 状态 备注
1 7811817   278118172   学院路分馆/ [索取号:D564-03/JY32] 在馆    
2 7811818   278118181   学院路分馆/ [索取号:D564-03/JY32] 在馆    
唐山师范学院图书馆 欢迎您!
大连网信软件有限公司© 版权所有